000 00345nam a22001457a 4500
003 OSt
005 20160727222355.0
008 160622b xxu||||| |||| 00| 0 eng d
040 _ctest
100 _9499
_aLudlum, R,
245 _aThe Bourne Ultimatum
260 _aN.D
_b Harper Collins
_c1990
300 _aThe Bourne Ultimatum
942 _2ddc
_cBK
999 _c416
_d416